Golden Slovakia : profily miest a obcí : Dubnica nad Váhom

Bibliographic Details
Corporate Author: Dubnica nad Váhom (Slovensko). Mestský úrad (Collaborator)
Format: Book
Language:Slovak
English
German
PhysicalDescription:46 s. erby, fotogr., mp. 20 cm
Published: [Bratislava] Dubnica nad Váhom Pavel Macháň - MAC - PM [i.e. P&M] Mestský úrad 2004
ISBN:8096907506
Edition:[1. vyd.]
Subjects:

MARC

LEADER 00000cam a2200000 a 4500
001 vtls008291054
003 SK-MaSNL
005 20260301122802.0
008 171129s2004 xo iob g f 000 0 slo
015 |a SNBE2007/02-00572 
020 |a 8096907506  |q (brož.) 
035 |a SVKPOKN102533 
040 |a SNK  |b slo  |c SNK  |e AACR2 
041 0 |a slo  |a eng  |a ger 
043 |a e-xo--- 
044 |a xo  |c SK 
072 7 |a 94(437)  |x Dejiny Česka a Slovenska  |2 konspekt 
080 |a (048.8)  |2 2001 
080 |a 908(437.6)  |2 2001 
080 |a 94(437.6)  |2 2001 
080 |a (036)  |2 2001 
245 0 0 |a Golden Slovakia  |b : profily miest a obcí : Dubnica nad Váhom  |c Juraj Červinka, [texty: spracované v spolupráci s MsÚ Dubnica na Váhom] 
250 |a [1. vyd.] 
260 |a [Bratislava]  |b Pavel Macháň - MAC - PM [i.e. P&M]  |a Dubnica nad Váhom  |b Mestský úrad  |c 2004 
300 |a 46 s.  |b erby, fotogr., mp.  |c 20 cm 
500 |a Názov z obalu 
546 |a Čiast. text angl. a nem. 
650 0 7 |a dejiny miest  |2 SNKPH  |9 164833 
651 7 |a Dubnica nad Váhom (Slovensko)  |2 SNK  |9 58303 
655 7 |a prehľady  |2 SNKPH  |9 70194 
655 7 |a turistickí sprievodcovia (publikácie)  |2 SNKPH  |9 191298 
710 1 |a Dubnica nad Váhom (Slovensko).  |b Mestský úrad  |4 clb  |9 196552 
919 |a 80-969075-0-6 
999 |c 734113  |d 736043 
952 |a SNK  |b SNK  |y PREZ  |7 0  |p 17A0538589  |o snkOSC 23769  |i snk2007/3174  |8 0  |0 0  |1 0  |4 0  |d 2007-02-02  |l 0  |r 2026-02-23 22:39:38  |w 2026-02-23